Capitales de Países en la Eurocopa 2024 - Estadísticas

Estadísticas generales
  • Esta prueba ha sido intentada 227 veces
    187 desde el último reinicio
  • La puntuación promedio es 20 de 24
Estadísticas de respuestas
Equipo Grupo % Correcto
Madrid B1
99%
Berlín A1
97%
Londres C4
96%
Roma B3
95%
Lisboa F3
94%
París D4
94%
Zagreb B2
91%
Bruselas E1
89%
Ámsterdam D2
88%
Kiev E4
87%
Berna A4
86%
Varsovia D1
86%
Viena D3
86%
Bucarest E3
84%
Budapest A3
84%
Copenhague C2
83%
Ankara F1
79%
Praga F4
79%
Tirana B4
79%
Edimburgo A2
71%
Liubliana C1
71%
Belgrado C3
70%
Bratislava E2
70%
Tiflis F2
63%
No se encontraron pruebas coincidentes
Distribución de puntuación
Porcentaje de gente con cada puntuación
Porcentaje por número respondido
Historial de tus puntuaciones
No has intentado esta prueba desde el último reinicio